[Event "Mittelrhein Regionalliga 16/17"]
[Site "Nordrheinwestfalen"]
[Date "2016.09.11"]
[Round "1.3"]
[White "Walter, Kurt"]
[Black "Huesmann, Thomas"]
[Result "1/2-1/2"]
[WhiteElo "2081"]
[BlackElo "2217"]
[PlyCount "107"]
[EventDate "2016.09.11"]
[EventType "team-tourn"]
[EventRounds "11"]
[EventCountry "GER"]
[SourceTitle "EXT 2022"]
[Source "ChessBase"]
[SourceDate "2021.10.06"]
[SourceVersion "1"]
[SourceVersionDate "2021.10.06"]
[SourceQuality "1"]
[WhiteTeam "Koeln SF II"]
[BlackTeam "Aachen SV II"]
[WhiteTeamCountry "GER"]
[BlackTeamCountry "GER"]

1. e4 e5 2. Nf3 Nc6 3. Bb5 a6 4. Ba4 Nf6 5. 0-0 Nxe4 6. d4 Be7 7. d5 Nb8 8. Nxe5 Nc5 9. c4 Nxa4 10. Qxa4 0-0 11. Qc2 d6 12. Nf3 Bg4 13. Nd4 Bf6 14. Be3 Re8 15. Nc3 Nd7 16. Ne4 Bh5 17. Nxf6+ Qxf6 18. Qf5 Qxf5 19. Nxf5 Bg6 20. Nd4 Ne5 21. b3 Ng4 22. Rfe1 Nxe3 23. Rxe3 Rxe3 24. fxe3 Be4 25. Rc1 Kf8 26. Rf1 Ke7 27. Nf5+ Bxf5 28. Rxf5 b5 29. Rf4 b4 30. Re4+ Kd7 31. Rf4 Rf8 32. Rf1 f6 33. a3 bxa3 34. Ra1 f5 35. Rxa3 Rb8 36. Kf2 Rb6 37. e4 c6 38. exf5 cxd5 39. cxd5 Ke7 40. Ke3 Kf6 41. Kd4 Kxf5 42. Kc4 Ke4 43. b4 Ke5 44. Re3+ Kf6 45. Re8 h5 46. Rc8 Ke5 47. Rc6 Rb7 48. Rxa6 Rf7 49. Ra2 Rf4+ 50. Kc3 Kxd5 51. Rd2+ Kc6 52. Rb2 Kb5 53. Kd3 h4 54. Ke3 1/2-1/2

[Event "Mittelrhein Regionalliga 15/16"]
[Site "Nordrheinwestfalen"]
[Date "2015.10.18"]
[Round "2.2"]
[White "Lytchak, Boris"]
[Black "Walter, Kurt"]
[Result "1/2-1/2"]
[WhiteElo "2118"]
[BlackElo "2076"]
[PlyCount "103"]
[EventDate "2015.09.27"]
[EventType "team-tourn"]
[EventRounds "9"]
[EventCountry "GER"]
[SourceTitle "EXT 2022"]
[Source "ChessBase"]
[SourceDate "2021.10.06"]
[SourceVersion "1"]
[SourceVersionDate "2021.10.06"]
[SourceQuality "1"]
[WhiteTeam "Porz SG III"]
[BlackTeam "Koeln SF II"]
[WhiteTeamCountry "GER"]
[BlackTeamCountry "GER"]

1. e4 c5 2. Nf3 Nc6 3. d4 cxd4 4. Nxd4 Nf6 5. Nc3 e5 6. Ndb5 d6 7. Bg5 a6 8. Na3 b5 9. Nd5 Be7 10. Bxf6 Bxf6 11. c4 b4 12. Nc2 a5 13. Qd3 Bg5 14. Rd1 0-0 15. Be2 f5 16. Nde3 Bxe3 17. fxe3 Qh4+ 18. g3 Qxe4 19. Qxe4 fxe4 20. Rxd6 Rf6 21. Rd5 Be6 22. Rc5 Bh3 23. Rg1 Raf8 24. g4 h6 25. Rg3 Bf1 26. Rxc6 Rxc6 27. Bxf1 b3 28. axb3 Rb6 29. c5 Rc6 30. b4 axb4 31. Bc4+ Kh8 32. Nxb4 Rxc5 33. b3 Ra5 34. Nc2 Ra2 35. Rg2 Rfa8 36. Kd2 Rxc2+ 37. Kxc2 Ra2+ 38. Kc3 Rxg2 39. Be6 Rxh2 40. b4 Re2 41. b5 Rxe3+ 42. Kc4 Re1 43. b6 Rb1 44. Kc5 e3 45. Bc4 g6 46. Bb5 Kg7 47. b7 Rxb5+ 48. Kxb5 e2 49. b8Q e1Q 50. Qc7+ Kf6 51. Qd8+ Ke6 52. Qg8+ 1/2-1/2

[Event "Mittelrhein Regionalliga 15/16"]
[Site "Nordrheinwestfalen"]
[Date "2015.09.27"]
[Round "1.3"]
[White "Christensen, Niels"]
[Black "Walter, Kurt"]
[Result "1/2-1/2"]
[WhiteElo "2194"]
[BlackElo "2076"]
[PlyCount "62"]
[EventDate "2015.09.27"]
[EventType "team-tourn"]
[EventRounds "9"]
[EventCountry "GER"]
[SourceTitle "EXT 2022"]
[Source "ChessBase"]
[SourceDate "2021.10.06"]
[SourceVersion "1"]
[SourceVersionDate "2021.10.06"]
[SourceQuality "1"]
[WhiteTeam "Bonn Beuel"]
[BlackTeam "Koeln SF II"]
[WhiteTeamCountry "GER"]
[BlackTeamCountry "GER"]

1. d4 Nf6 2. c4 e6 3. Nc3 Bb4 4. Qc2 d5 5. cxd5 Qxd5 6. Nf3 Qf5 7. Qxf5 exf5 8. a3 Be7 9. Bf4 c6 10. h3 Be6 11. e3 Nbd7 12. Bd3 h6 13. 0-0 0-0 14. Rfc1 Nh5 15. Bh2 a5 16. Na4 Nhf6 17. Ne5 g6 18. Bf4 Kg7 19. Nxd7 Nxd7 20. f3 Bb3 21. Bc2 Bxc2 22. Rxc2 Bg5 23. Bxg5 hxg5 24. Nc5 Nxc5 25. Rxc5 Rfe8 26. Kf2 Ra6 27. Rac1 Rb6 28. R1c2 Rb3 29. R5c3 Rb5 30. Rc5 Rb3 31. R5c3 Rb5 1/2-1/2

[Event "Regionalliga Mittelrhein 1213"]
[Site "Germany"]
[Date "2012.09.09"]
[Round "1.1"]
[White "Walter, Kurt"]
[Black "Wacker, Peter"]
[Result "1/2-1/2"]
[WhiteElo "2110"]
[BlackElo "2312"]
[PlyCount "120"]
[EventDate "2012.09.09"]
[EventType "team"]
[EventRounds "11"]
[EventCountry "GER"]
[SourceTitle "EXT 2015"]
[Source "ChessBase"]
[SourceDate "2014.11.20"]
[SourceVersion "1"]
[SourceVersionDate "2014.11.20"]
[SourceQuality "1"]
[WhiteTeam "Koeln SF II"]
[BlackTeam "Pulheim"]
[WhiteTeamCountry "GER"]
[BlackTeamCountry "GER"]

1. e4 e5 2. Nf3 Nc6 3. Bb5 Nd4 4. Nxd4 exd4 5. 0-0 Bc5 6. d3 c6 7. Bc4 d5 8. exd5 cxd5 9. Re1+ Ne7 10. Bb5+ Kf8 11. Ba4 Be6 12. Bb3 Qd7 13. Nd2 a5 14. a4 f6 15. Nf3 g6 16. c3 dxc3 17. bxc3 Kg7 18. Be3 Bxe3 19. fxe3 Bf7 20. Nd4 Rhe8 21. e4 Nc6 22. Nxc6 bxc6 23. exd5 cxd5 24. Rb1 Rab8 25. d4 Qf5 26. Rxe8 Rxe8 27. Bc2 Qf4 28. Qd3 Qe3+ 29. Qxe3 Rxe3 30. Rb3 Re2 31. Bd3 Ra2 32. Bb5 Be6 33. Bc6 Kh6 34. Rb5 Rxa4 35. Bxd5 Bxd5 36. Rxd5 Rc4 37. Rxa5 Rxc3 38. Kf2 Rd3 39. d5 f5 40. Ke2 Rd4 41. Ra7 Rxd5 42. h3 g5 43. g3 Rd4 44. Kf3 Rd6 45. Ra3 Kh5 46. Ra2 h6 47. Kg2 Rd4 48. Rb2 g4 49. hxg4+ Kxg4 50. Ra2 h5 51. Rb2 Rc4 52. Ra2 h4 53. gxh4 Rc3 54. h5 f4 55. h6 Rg3+ 56. Kf1 Rh3 57. h7 Rxh7 58. Ra3 Re7 59. Kf2 Rc7 60. Rb3 Rc4 1/2-1/2

[Event "Mittelrhein Verbandsliga-M 1112"]
[Site "Germany"]
[Date "2012.04.15"]
[Round "9.2"]
[White "Strohmeyer, Jochen"]
[Black "Walter, Kurt"]
[Result "1/2-1/2"]
[WhiteElo "2138"]
[BlackElo "2122"]
[PlyCount "76"]
[EventDate "2011.09.18"]
[EventType "team-tourn"]
[EventRounds "11"]
[EventCountry "GER"]
[SourceTitle "EXT 2013"]
[Source "ChessBase"]
[SourceDate "2012.11.22"]
[SourceVersion "1"]
[SourceVersionDate "2012.11.22"]
[SourceQuality "1"]
[WhiteTeam "Koeln Lasker II"]
[BlackTeam "Koeln SF II"]
[WhiteTeamCountry "GER"]
[BlackTeamCountry "GER"]

1. Nc3 d5 2. e4 dxe4 3. Nxe4 Qd5 4. Qf3 Nc6 5. Nc3 Qxf3 6. Nxf3 Bf5 7. Bb5 a6 8. Bxc6+ bxc6 9. d3 Nf6 10. Ne5 c5 11. Be3 e6 12. Na4 Bd6 13. Nc4 Nd7 14. 0-0 Ke7 15. Na5 Rhc8 16. b3 Ke8 17. Nb7 Be5 18. Rab1 Bd4 19. Nbxc5 Bxc5 20. Bxc5 f6 21. Rbe1 Kf7 22. Re3 g5 23. f4 Rg8 24. Rg3 gxf4 25. Rxg8 Rxg8 26. Rxf4 h5 27. Kf2 Rg4 28. Be3 Rxf4+ 29. Bxf4 e5 30. Bg3 Bg6 31. Ke2 f5 32. c4 Ke6 33. b4 c5 34. Bf2 f4 35. Nc3 Nf6 36. h3 e4 37. d4 e3 38. Bh4 Ne4 1/2-1/2

[Event "NRW Class1 0607"]
[Site "Germany"]
[Date "2006.10.29"]
[Round "2.1"]
[White "Walter, Kurt"]
[Black "Kalka, Arkadius Georg"]
[Result "0-1"]
[WhiteElo "2120"]
[BlackElo "2407"]
[PlyCount "80"]
[EventDate "2006.09.17"]
[EventType "team-tourn"]
[EventRounds "9"]
[EventCountry "GER"]
[SourceTitle "EXT 2007"]
[Source "ChessBase"]
[SourceDate "2006.11.23"]
[SourceVersion "1"]
[SourceVersionDate "2006.11.23"]
[SourceQuality "1"]
[WhiteTeam "Koeln SF II"]
[BlackTeam "Gelsenkirchen"]
[WhiteTeamCountry "GER"]
[BlackTeamCountry "GER"]

1. e4 c5 2. Nf3 d6 3. d4 cxd4 4. Nxd4 Nf6 5. Nc3 g6 6. Be3 Bg7 7. f3 0-0 8. Qd2 Nc6 9. Bc4 Nd7 10. f4 Nb6 11. Bb3 Na5 12. Qd3 Bd7 13. Nd5 Nxb3 14. axb3 e5 15. Nxb6 axb6 16. Rxa8 Qxa8 17. Ne2 exf4 18. Bxf4 Qa1+ 19. Bc1 Bxb2 20. 0-0 Bxc1 21. Rxc1 Qe5 22. Nc3 Bc6 23. Rd1 b5 24. Qd4 Re8 25. Qxe5 dxe5 26. g4 Kg7 27. Rd6 Ra8 28. Nd5 Ra1+ 29. Kf2 Rc1 30. Nf6 Rxc2+ 31. Kg1 Re2 32. g5 h6 33. h4 hxg5 34. hxg5 Kf8 35. b4 Bxe4 36. Kf1 Re3 37. Rd8+ Ke7 38. Re8+ Kd6 39. Rd8+ Kc7 40. Rf8 Rf3+ 0-1

[Event "NRW Class2 0506"]
[Site "Germany"]
[Date "2006.02.12"]
[Round "6.2"]
[White "Stark, Lars"]
[Black "Walter, Kurt"]
[Result "1-0"]
[WhiteElo "2337"]
[BlackElo "2160"]
[PlyCount "23"]
[EventDate "2005.09.25"]
[EventType "team"]
[EventRounds "9"]
[EventCountry "GER"]
[SourceTitle "EXT 2006"]
[Source "ChessBase"]
[SourceDate "2005.11.24"]
[SourceVersion "1"]
[SourceVersionDate "2005.11.24"]
[SourceQuality "1"]
[WhiteTeam "Duesseldorf"]
[BlackTeam "Koeln SF II"]
[WhiteTeamCountry "GER"]
[BlackTeamCountry "GER"]

1. c4 e5 2. g3 Nf6 3. Bg2 Nc6 4. Nc3 Bb4 5. Nd5 Bc5 6. e3 0-0 7. Ne2 d6 8. d4 Nxd5 9. cxd5 Bb4+ 10. Kf1 Ne7 11. Qa4 c5 12. dxc6 1-0

[Event "NRW Class2 0506"]
[Site "Germany"]
[Date "2005.12.04"]
[Round "4.3"]
[White "Walter, Kurt"]
[Black "Zajogin, Alexander"]
[Result "0-1"]
[WhiteElo "2160"]
[BlackElo "2376"]
[PlyCount "46"]
[EventDate "2005.09.25"]
[EventType "team"]
[EventRounds "9"]
[EventCountry "GER"]
[SourceTitle "EXT 2006"]
[Source "ChessBase"]
[SourceDate "2005.11.24"]
[SourceVersion "1"]
[SourceVersionDate "2005.11.24"]
[SourceQuality "1"]
[WhiteTeam "Koeln SF II"]
[BlackTeam "Betzdorf Kirchen"]
[WhiteTeamCountry "GER"]
[BlackTeamCountry "GER"]

1. e4 e5 2. Nf3 Nc6 3. Bb5 a6 4. Ba4 Nf6 5. 0-0 Be7 6. Re1 b5 7. Bb3 d6 8. c3 0-0 9. h3 Na5 10. Bc2 c5 11. d4 Qc7 12. Nbd2 Rd8 13. Nf1 cxd4 14. cxd4 exd4 15. Nxd4 d5 16. e5 Ne4 17. Bf4 Bc5 18. Rc1 Qb6 19. Be3 Nc4 20. b4 Bxb4 21. Nb3 Nxe3 22. Rxe3 Bb7 23. Qd3 Rac8 0-1

[Event "Cologne-ch"]
[Site "Cologne"]
[Date "2004.03.13"]
[Round "4"]
[White "Karimi, Farhad"]
[Black "Walter, Kurt"]
[Result "1-0"]
[WhiteElo "2122"]
[BlackElo "2104"]
[PlyCount "49"]
[EventDate "2004.02.21"]
[EventType "swiss"]
[EventRounds "7"]
[EventCountry "GER"]
[SourceTitle "EXT 2006"]
[Source "ChessBase"]
[SourceDate "2005.11.24"]
[SourceVersion "1"]
[SourceVersionDate "2005.11.24"]
[SourceQuality "1"]

1. e4 c5 2. Nf3 e6 3. d4 cxd4 4. Nxd4 Nf6 5. Nc3 d6 6. Be3 Be7 7. g4 h6 8. Rg1 d5 9. Bb5+ Kf8 10. exd5 Nxd5 11. Nxd5 Qxd5 12. Qe2 a6 13. Bc4 Qa5+ 14. c3 b5 15. Bxe6 Bb7 16. Bb3 Nd7 17. Nf5 Bf6 18. Qd3 Ne5 19. Qd6+ Kg8 20. Ne7+ Bxe7 21. Qxe7 Nf3+ 22. Ke2 Nxg1+ 23. Rxg1 Rf8 24. Qxb7 b4 25. Qxb4 1-0

[Event "Cologne-ch"]
[Site "Cologne"]
[Date "2004.02.28"]
[Round "2"]
[White "Speck, Stefan"]
[Black "Walter, Kurt"]
[Result "0-1"]
[WhiteElo "2100"]
[BlackElo "2104"]
[PlyCount "82"]
[EventDate "2004.02.21"]
[EventType "swiss"]
[EventRounds "7"]
[EventCountry "GER"]
[SourceTitle "EXT 2006"]
[Source "ChessBase"]
[SourceDate "2005.11.24"]
[SourceVersion "1"]
[SourceVersionDate "2005.11.24"]
[SourceQuality "1"]

1. e4 c5 2. c3 Nf6 3. e5 Nd5 4. d4 cxd4 5. cxd4 d6 6. Nf3 Nc6 7. Bc4 Nb6 8. Bxf7+ Kxf7 9. e6+ Kg8 10. d5 Nxd5 11. Qxd5 Qa5+ 12. Nc3 Qxd5 13. Nxd5 Rb8 14. Nf4 Nd8 15. Nd4 g5 16. Nd5 Nxe6 17. Be3 Nf4 18. Bxf4 gxf4 19. Rc1 e6 20. Nf6+ Kf7 21. Ne4 d5 22. Rc7+ Kg6 23. Nd2 Bd6 24. Rc1 Bd7 25. 0-0 Rbc8 26. Rcd1 e5 27. N4f3 Bf5 28. Nh4+ Kf6 29. Nxf5 Kxf5 30. Nf3 d4 31. g3 Be7 32. g4+ Kf6 33. Rfe1 Bd6 34. Nd2 Rhg8 35. Ne4+ Ke6 36. h3 Rc2 37. b3 Bb4 38. Rc1 d3 39. Red1 Rxc1 40. Rxc1 d2 41. Rd1 Rc8 0-1

[Event "Oberliga NRW 0304"]
[Site "Germany"]
[Date "2003.09.28"]
[Round "1.8"]
[White "Von Westphalen, Christoph"]
[Black "Walter, Kurt"]
[Result "1-0"]
[WhiteElo "2172"]
[BlackElo "2179"]
[PlyCount "43"]
[EventDate "2003.09.28"]
[EventType "team-tourn"]
[EventRounds "9"]
[EventCountry "GER"]
[SourceTitle "CBM 098 Extra"]
[Source "ChessBase"]
[SourceDate "2004.03.10"]
[SourceVersion "2"]
[SourceVersionDate "2004.03.10"]
[SourceQuality "1"]
[WhiteTeam "Lohmar"]
[BlackTeam "Koeln KKS"]
[WhiteTeamCountry "GER"]
[BlackTeamCountry "GER"]

1. e4 c5 2. Nf3 e6 3. c3 Nf6 4. e5 Nd5 5. d4 cxd4 6. cxd4 b6 7. Bc4 Bb7 8. 0-0 Be7 9. Bd2 0-0 10. Nc3 Nxc3 11. Bxc3 d6 12. Qe2 Nd7 13. Rfd1 Bxf3 14. Qxf3 d5 15. Ba6 f6 16. Bb7 fxe5 17. Qh3 Rf6 18. Bxa8 Qxa8 19. dxe5 Rf5 20. f4 Nc5 21. Rf1 Qf8 22. Qe3 1-0

[Event "Oberliga NRW 9899 II"]
[Site "Germany"]
[Date "1999.05.06"]
[Round "9.8"]
[White "Schlette, Marc"]
[Black "Walter, Kurt"]
[Result "1/2-1/2"]
[WhiteElo "2025"]
[BlackElo "2093"]
[PlyCount "103"]
[EventDate "1998.10.10"]
[EventType "team"]
[EventRounds "9"]
[EventCountry "GER"]
[SourceTitle "EXT 2000"]
[Source "ChessBase"]
[SourceDate "1999.11.16"]
[SourceVersion "1"]
[SourceVersionDate "1999.11.16"]
[SourceQuality "1"]
[WhiteTeam "Wuppertal"]
[BlackTeam "Koeln KKS"]
[WhiteTeamCountry "GER"]
[BlackTeamCountry "GER"]

1. d4 Nf6 2. Nf3 e6 3. g3 b6 4. Bg2 Bb7 5. 0-0 Be7 6. c4 0-0 7. Nc3 d5 8. Ne5 Qc8 9. cxd5 Nxd5 10. e4 Nxc3 11. bxc3 Nd7 12. f4 f5 13. exf5 Bxg2 14. Kxg2 Rxf5 15. Nxd7 Qxd7 16. Be3 Rc8 17. Qf3 c5 18. Qe4 Qd5 19. Qxd5 Rxd5 20. Rac1 c4 21. Rc2 b5 22. Rb1 Kf7 23. Kf3 a5 24. Ke4 b4 25. cxb4 axb4 26. Rbc1 c3 27. g4 g6 28. Rf1 Ra8 29. f5 gxf5+ 30. gxf5 Rxf5 31. Rxf5+ exf5+ 32. Kxf5 Ra5+ 33. Ke4 Ke6 34. Kd3 Kd5 35. Rf2 Ke6 36. Re2 Kd5 37. Rf2 Ke6 38. Kc4 Rh5 39. Re2 Kd7 40. Bf4 Rf5 41. Be3 Bd6 42. Bc1 Rf1 43. Rc2 Rh1 44. a3 bxa3 45. Kb3 Ke6 46. Bxa3 Bxa3 47. Kxa3 Kd5 48. Rxc3 Rxh2 49. Rd3 h5 50. Kb3 h4 51. Kc3 Rg2 52. Re3 1/2-1/2